| 000 | 01523nam a22002657a 4500 | ||
|---|---|---|---|
| 005 | 20170124103215.0 | ||
| 010 | _aB-071044 | ||
| 020 |
_c00.00 _a8185244723 |
||
| 035 | _aB-071044 | ||
| 037 | _bCen Lib/Ret | ||
| 040 |
_aDPL _bHN |
||
| 082 |
_a820.92 _bपाण्डेय |
||
| 100 |
_aपाण्डेय, सुधाकर _9110688 |
||
| 245 |
_aहिन्दी साहित्यकार चित्रावली : _cसुधाकर पाण्डेय [और] कुसुमाकर पाण्डेय _b51 साहित्यकारों के हस्तलेख, पांडुलिपियां, जीवन परिचय / |
||
| 246 |
_aHindi sahityakar chitravali : 51 sahityakaron ke hastlekh, pandulipiyan, jivan parichay / _bby Sudhakar Pandit [aur] Kusumakar Pandit |
||
| 260 |
_aनई दिल्ली _bहिन्दी बुक सेंटर _c2004 |
||
| 270 |
_a4/5-बी, असफ अली रोड _bनई दिल्ली _e110002 |
||
| 300 |
_aभिन्न पृष्ठ. : _c26सेमी(सजिल्द) _bरंगीन चित्र |
||
| 650 |
_aहिंदी साहित्य _9110689 |
||
| 650 |
_aहिंदी साहित्यकार--जीवनी _944854 |
||
| 650 |
_aHindi literature _9110690 |
||
| 650 |
_a Hindi Writers--Biography _9110691 |
||
| 700 |
_aपाण्डेय, कुसुमाकर _9110692 |
||
| 942 |
_2ddc _cHN _h820.92 _mपाण्डेय |
||
| 999 |
_c121469 _d121469 |
||